000 00596nam a2200169Ia 4500
008 090201s9999 xx 000 0 und d
010 _aKPL-42655
040 _bमराठी
041 _aमराठी
082 _a7724
_b42655
100 _aपंा आ साठवणे
245 _aभस्मे व त्याचा औषघी उपयोग
_cपंा आ साठवणे
260 _c2004
_bसाठवणे प्रकाशन
300 _a28
_bमोठा
600 _aभस्मे व त्याचा औषघी उपयोग
942 _cBOOK
999 _c208433
_d208433